Fundamentals of Cardiac Surgery (Record no. 156393)

MARC details
000 -LEADER
fixed length control field 00397nam a2200145Ia 4500
008 - FIXED-LENGTH DATA ELEMENTS--GENERAL INFORMATION
fixed length control field 230411s9999 xx 000 0 und d
020 ## - INTERNATIONAL STANDARD BOOK NUMBER
International Standard Book Number 0 412 54310 9
041 ## - LANGUAGE CODE
Language code of text/sound track or separate title eng
082 ## - DEWEY DECIMAL CLASSIFICATION NUMBER
Classification number MS/617.412/MAR/MAR/B05929
100 ## - MAIN ENTRY--PERSONAL NAME
Personal name Marks Charles & Marks Peter
9 (RLIN) 178784
245 ## - TITLE STATEMENT
Title Fundamentals of Cardiac Surgery
260 ## - PUBLICATION, DISTRIBUTION, ETC. (IMPRINT)
Name of publisher, distributor, etc. Chapman and Hall
Place of publication, distribution, etc. London
Date of publication, distribution, etc. 1993
300 ## - PHYSICAL DESCRIPTION
Extent 242p
Holdings
Withdrawn status Lost status Damaged status Not for loan Collection code Home library Current library Date acquired Vendor Cost, normal purchase price Total Checkouts Full call number Barcode Date last seen Cost, replacement price Bill Date Koha item type Original Barcode
        MS Smt. Bakul Tambat Institute of Nursing Education Smt. Bakul Tambat Institute of Nursing Education 13/01/2010 British Library 100.00   MS 617.412 MAR MAR B05929 BTIN-BK-5929 11/04/2023 100.00 13/01/2010 Books B05929